| 000 | 00968nam a22002057a 4500 | ||
|---|---|---|---|
| 999 |
_c11589 _d11589 |
||
| 003 | AR-CdUCM | ||
| 008 | 190404b ||||| |||| 00| 0 spa d | ||
| 040 |
_aMUNICIPALIDAD PROVINCIAL DEL CUSCO _cBIBLIOTECA MUNICIPAL DEL CUSCO |
||
| 082 |
_a970.1 / _bD68 / 1942 |
||
| 100 |
_aDíaz Alejo, Roberto. _929023 |
||
| 245 | _aAmérica y el viejo mundo / | ||
| 260 |
_aBuenos Aires : _bJoaquín Gil, _c1942. |
||
| 300 |
_a558 paginas ; _bIlustraciones, _c24 cm. |
||
| 505 | _aContenido : El universo antes del descubrimiento -- La navegaciòn, por José de Acosta -- Las relaciones humanas, por Martín Fernández de Navarrete -- América precolombina -- Cristóbal Colón, por Fr. Bartolomé de las casas -- El mar tenebroso, por Emilio Castelar -- El descubrimiento -- Colón escribe a Luis de Santángel... | ||
| 650 |
_aAmérica _91348 |
||
| 650 |
_aDescubrimiento y Conquista. _92362 |
||
| 650 |
_aHistoria _9136 |
||
| 942 |
_2ddc _cLIBROS |
||
| 945 |
_awnts _d2019-04-04 |
||